Statistics for Biggest 20 Countries by Population 1600

Click here to take the quiz!

General Stats

  • This quiz has been taken 80 times
    (75 since last reset)
  • The average score is 9 of 20

Answer Stats

PopulationCountry% Correct
20.000.000France
96%
5.600.000United Kingdom
90%
30.000.000Spain
88%
14.000.000Russia
87%
18.500.000Japan
84%
29.500.000Ottoman Empire
82%
20.300.000Holy Roman Empire
65%
160.000.000Ming
62%
1.500.000Netherlands
59%
9.800.000Korea
47%
115.000.000Mughal
34%
2.000.000Ethiopia
24%
7.950.000Poland-Lithuania
22%
2.750.000Naples
22%
2.250.000Morocco
18%
4.447.000Dai Viet
7%
2.000.000Ayutthaya
4%
2.000.000Taungoo
1%
5.500.000Habsburg Monarchy
0%
3.200.000Safafid
0%

Score Distribution

Percentile by Number Answered

Percent of People with Each Score

Your Score History

You have not taken this quiz since the last reset